[Event "Livry-Gargan 2009"]
[Site "Livry-Gargan"]
[Date "2009.05.10"]
[Round "4"]
[White "Fressinet, L."]
[Black "Deslandes, P."]
[Result "1-0"]
[WhiteElo "2580"]
[BlackElo "2130"]
[Time "00:04:06/00:00:26"]

 1. e4 e6 2. d4 d5 3. Nc3 Bb4 4. exd5 exd5 5. Bd3 Ne7 6. Qh5 Nbc6 7. Nf3 Be6 8. a3 Bxc3+ 9. bxc3 Qd7 10. Ng5 g6 11. Qf3 O-O-O 12. O-O Bg4 13. Qf6 Rdf8 14. Re1 Bf5 15. a4 Bxd3 16. cxd3 Qf5 17. Qxf5+ Nxf5 18. Ba3 Nd6 19. Rab1 b6 20. Bxd6 cxd6 21. Nh3 Kd7 22. Nf4 Ne7 23. Rb2 Rc8 24. Rbe2 Rhe8 25. h4 h6 26. Kf1 g5 27. hxg5 hxg5 28. Nh5 Ng8 29. Rxe8 Rxe8 30. Ra1 Rc8 31. Ra3 f5 32. f4 g4 33. a5 Ke6 34. axb6 axb6 35. Ke2 Ne7 36. Ng3 Ng6 37. Ke3 Nh4 38. Kf2 Ng6 39. Ne2 Ne7 40. Rb3 Rb8 41. Rb5 Ra8 42. Rxb6 Ra2 43. Ke3 Ra3 44. Rb1 Ng6 45. g3 Ne7 46. Rh1 Kd7 47. Rh6 Ra1 48. c4 dxc4 49. dxc4 Ra3+ 50. Kd2 Rf3 51. d5 Ng8 52. Re6 Ne7 53. Nd4 Rxg3 54. Rxe7+ 1-0

[Event "Livry-Gargan 2009"]
[Site "Livry-Gargan"]
[Date "2009.05.10"]
[Round "5"]
[White "Vachier-Lagrave, M."]
[Black "Goldsztein, G."]
[Result "1-0"]
[WhiteElo "2490"]
[BlackElo "2650"]
[Time "00:06:26/00:03:06"]

 1. e4 e5 2. Nf3 Nc6 3. Bb5 a6 4. Ba4 Nf6 5. O-O b5 6. Bb3 Bc5 7. a4 Rb8 8. axb5 axb5 9. d3 h6 10. Be3 d6 11. h3 O-O 12. Nc3 Bxe3 13. fxe3 Be6 14. Bxe6 fxe6 15. Ra6 Nb4 16. Ra5 c6 17. Ra1 Qb6 18. Qd2 c5 19. Kh2 Nc6 20. Ne2 d5 21. Ng3 Rbd8 22. Qc3 Kh7 23. exd5 exd5 24. Qe1 e4 25. dxe4 Nxe4 26. Nxe4 dxe4 27. Nd2 Qc7+ 28. Kg1 Rxf1+ 29. Nxf1 Qe5 30. Qh4 Re8 31. c3 b4 32. Ra6 bxc3 33. bxc3 Ne7 34. Qg4 h5 35. Qe6 Nd5 36. Qg6+ Kh8 37. c4 Nf6 38. Ng3 Rd8 39. Ra7 Nh7 40. Nxh5 Rd1+ 41. Kf2 Qb2+ 42. Kg3 Qb8+ 43. Nf4 Qxa7 44. Qe8+ Nf8 45. Ng6+ Kg8 46. Ne7+ Kh8 47. Qxf8+ Kh7 48. Qf5+ 1-0

[Event "Livry-Gargan 2009"]
[Site "Livry-Gargan"]
[Date "2009.05.10"]
[Round "5"]
[White "Tregubov, P."]
[Black "Agrest, E."]
[Result "1/2-1/2"]
[WhiteElo "2660"]
[BlackElo "2540"]
[Time "00:00:44/00:01:04"]

 1. d4 d5 2. c4 c6 3. Nf3 Nf6 4. e3 Bg4 5. h3 Bh5 6. Nc3 e6 7. g4 Bg6 8. Ne5 Nbd7 9. h4 dxc4 10. Nxg6 hxg6 11. g5 Nd5 12. Bxc4 N5b6 13. Be2 c5 14. e4 cxd4 15. Qxd4 a6 16. Be3 Qc7 17. Rc1 Qd6 18. f4 Rc8 19. Kf2 Qxd4 20. Bxd4 Bc5 21. Bxc5 Nxc5 22. Ke3 Ke7 23. b3 a5 24. Nb5 Ncd7 25. Bf3 e5 26. Nc7 Kd8 27. Nb5 Rxc1 28. Rxc1 Rxh4 29. f5 Rh2 30. Nd6 Ke7 31. Nxb7 Rxa2 32. fxg6 fxg6 33. Rc6 Ra3 34. Kf2 Rxb3 35. Nxa5 Ra3 36. Nb7 Ra7 37. Nd6 Ra2+ 38. Kg3 Ra3 39. Nb5 Ra5 40. Be2 Ra2 41. Kf3 Kf7 42. Nd6+ Ke7 43. Nc4 Nxc4 44. Bxc4 Ra3+ 45. Ke2 Rc3 46. Kd2 Rg3 47. Rxg6 Kf8 48. Bd5 Nc5 49. Rc6 Rg2+ 50. Ke3 Rg3+ 51. Kf2 Rc3 52. Kg2 Ke8 53. Rc7 Nxe4 1/2-1/2

[Event "Livry-Gargan 2009"]
[Site "Livry-Gargan"]
[Date "2009.05.10"]
[Round "5"]
[White "Chabanon, J-L."]
[Black "Fressinet, L."]
[Result "0-1"]
[WhiteElo "2450"]
[BlackElo "2580"]
[Time "00:00:00/00:01:07"]

{  1. d4 d5 2. c4 c6 3. Nf3 Nf6 4. Nc3 dxc4 5. a4 Bf5 6. e3 e6 7. Bxc4 Bb4 8. O-O O-O 9. Qe2 Nbd7 10. e4 Bg4 11. Rd1 Qe7 12. h3 Bh5 13. Bf4 Bxf3 14. Qxf3 e5 15. Be3 exd4 16. Bxd4 Ne5 17. Qe2 Rad8 18. Ba2 Bc5 19. Qe3 Rxd4 20. Rxd4 Bxd4 21. Qxd4 Rd8 22. Qxa7 Qb4 23. Rb1 h6 24. Qe3 Rd3 25. Qe2 Qd4 26. Re1 g5 27. Qf1 Rd2 28. Re2 Kg7 29. Qe1 Rxe2 30. Qxe2 Qd3 31. Kf1 Qd4 32. Qe3 Qxe3 33. fxe3 Nd3 34. Ke2 Nc1+ 35. Kf3 Nd7 36. e5 Nxe5+ 37. Ke4 Kf6 38. Kd4 Nxa2 39. Nxa2 Ke6 40. Nc3 f5 41. a5 Kd6 42. b4 Ng6 43. e4 f4 44. e5+ Kc7 45. Ne4 Nh4 46. e6 Nxg2 47. Ke5 Ne3 48. Kf6 Nd5+ 49. Kf7 Kd8 50. Kg7 Ke7 51. Kxh6 Kxe6 52. Kxg5 Ke5 53. Nf2 Nxb4 54. h4 Nd5 55. h5 Ke6 56. Nd3 f3 57. Kg4 f2 58. Nxf2 c5 59. Ne4 c4 60. h6 Kf7 61. Kf5 c3 0-1

[Event "Livry-Gargan 2009"]
[Site "Livry-Gargan"]
[Date "2009.05.10"]
[Round "5"]
[White "Blachon, P."]
[Black "Shchekachev, A."]
[Result "0-1"]
[WhiteElo "1960"]
[BlackElo "2770"]
[Time "00:01:18/00:06:27"]

 1. d4 Nf6 2. c4 g6 3. Nc3 Bg7 4. e4 d6 5. Nge2 a6 6. f3 O-O 7. Be3 Nbd7 8. Qd2 c6 9. g4 e5 10. O-O-O b5 11. Bh6 Qa5 12. Bxg7 Kxg7 13. Ng3 b4 14. Nb1 Qxa2 15. Qxb4 Rb8 16. Qa3 Qxa3 17. Nxa3 Ne8 18. Be2 Nc7 19. Nc2 Ne6 20. Rd3 c5 21. dxe5 dxe5 22. Rhd1 Nd4 23. Nxd4 cxd4 24. Ra3 Nc5 25. Nf1 a5 26. Nd2 a4 27. Kc2 Bd7 28. Rb1 Rb4 29. b3 axb3+ 30. Nxb3 Ba4 0-1

[Event "Livry-Gargan 2009"]
[Site "Livry-Gargan"]
[Date "2009.05.10"]
[Round "5"]
[White "David, A."]
[Black "Bettioui, N."]
[Result "1-0"]
[WhiteElo "2590"]
[BlackElo "1990"]
[Time "00:08:04/00:00:12"]

 1. e4 c5 2. Nf3 Nc6 3. Bb5 d6 4. O-O Bd7 5. Re1 e6 6. c3 Qc7 7. d4 a6 8. Bf1 e5 9. h3 Nge7 10. Na3 Ng6 11. Nc4 Nd8 12. Ne3 Bc6 13. Nd5 Bxd5 14. exd5 f6 15. b4 c4 16. Nd2 b5 17. a4 Rb8 18. axb5 axb5 19. dxe5 fxe5 20. Ne4 Be7 21. g3 O-O 22. Qg4 Nf7 23. h4 Ra8 24. Be3 Qc8 25. Bh3 Qxg4 26. Bxg4 Rfb8 27. Bd7 Nf8 28. Rxa8 Rxa8 29. Bxb5 Rb8 30. Bxc4 Nd7 31. Ra1 Nf6 32. Nxf6+ gxf6 33. Bd3 Rc8 34. c4 f5 35. Ra7 e4 36. Be2 Bf6 37. b5 Ne5 38. b6 1-0

[Event "Livry-Gargan 2009"]
[Site "Livry-Gargan"]
[Date "2009.05.10"]
[Round "6"]
[White "Vachier-Lagrave, M."]
[Black "Edouard, R."]
[Result "1-0"]
[WhiteElo "2490"]
[BlackElo "2560"]
[Time "00:02:14/00:00:00"]

 1. e4 c5 2. Nf3 d6 3. d4 cxd4 4. Nxd4 Nf6 5. Nc3 a6 6. Be3 Ng4 7. Bg5 h6 8. Bh4 g5 9. Bg3 Bg7 10. h3 Ne5 11. Nf5 Bxf5 12. exf5 Nbc6 13. Nd5 e6 14. fxe6 fxe6 15. Ne3 Qa5+ 16. c3 Nf3+ 17. Qxf3 Bxc3+ 18. Kd1 Qa4+ 19. Nc2 Bxb2 20. Rc1 Rc8 21. Bd3 Rf8 22. Qg4 Nd4 23. Re1 Qxa2 24. Re4 Bxc1 25. Rxd4 Bf4 26. Bxf4 Rxf4 27. Rxf4 gxf4 28. Qg8+ Kd7 29. Qf7+ Kd8 30. Qxb7 Rc5 31. Nb4 Qa1+ 32. Ke2 Qe5+ 33. Kf3 Qd4 34. Qxa6 Rc3 35. Qb5 e5 36. Qb8+ Ke7 37. Qb7+ Kf6 38. Ke2 e4 39. Bxe4 1-0

[Event "Livry-Gargan 2009"]
[Site "Livry-Gargan"]
[Date "2009.05.10"]
[Round "6"]
[White "Agrest, E."]
[Black "Fedorchuk, S."]
[Result "1/2-1/2"]
[WhiteElo "2540"]
[BlackElo "2550"]
[Time "00:00:37/00:00:15"]

 1. c4 e5 2. Nc3 Nf6 3. Nf3 Nc6 4. g3 d5 5. cxd5 Nxd5 6. Bg2 Nb6 7. O-O Be7 8. Rb1 a5 9. d3 O-O 10. Be3 Re8 11. d4 Bf5 12. d5 Nb4 13. Bxb6 Bxb1 14. Qxb1 cxb6 15. Nxe5 Bf6 16. Nd3 Bxc3 17. bxc3 Nxd5 18. Qb3 Nf6 19. Bxb7 Rb8 20. Bf3 Qc7 21. c4 Ne4 22. Qc2 Rbc8 23. Rc1 Qe7 24. Nf4 b5 25. Nd5 Qe5 26. Nb6 Rc6 27. Rd1 Rxb6 28. Bxe4 bxc4 29. Rd5 Qa1+ 30. Kg2 g6 31. Rd7 c3 32. Bd5 Rf6 33. Qb3 Rf8 34. Rc7 Qe1 35. Bf3 Rd6 36. Qxc3 Qxc3 37. Rxc3 Rb8 38. Rc5 Ra6 39. Bd5 Ra7 40. Bc4 a4 41. f4 Kg7 42. Kf3 Rb2 43. Bd5 a3 44. h4 h5 45. e3 Rd2 46. Bb3 Rd3 47. Bc2 Rd2 48. Bb3 f5 49. Rc8 Rb2 50. Rc3 Rd7 51. e4 Rbd2 52. Ke3 Rg2 53. Kf3 Rdd2 54. Rc7+ Kf8 55. exf5 gxf5 56. Rf7+ Ke8 57. Rxf5 Rg1 58. Ra5 Rd3+ 59. Ke4 Rdxg3 60. Rxa3 Rg4 61. Be6 Re1+ 62. Kf5 Rxh4 63. Ra7 Rxf4+ 1/2-1/2

[Event "Livry-Gargan 2009"]
[Site "Livry-Gargan"]
[Date "2009.05.10"]
[Round "6"]
[White "Fressinet, L."]
[Black "Shchekachev, A."]
[Result "0-1"]
[WhiteElo "2580"]
[BlackElo "2770"]
[Time "00:03:25/00:03:19"]

 1. d4 Nf6 2. c4 g6 3. Nc3 Bg7 4. e4 d6 5. Nf3 O-O 6. Be2 e5 7. Be3 c6 8. O-O exd4 9. Bxd4 Re8 10. Qc2 Qe7 11. Rfe1 Nbd7 12. Rad1 b6 13. Bf1 Ne5 14. Nxe5 dxe5 15. Be3 Ng4 16. Bc1 Be6 17. h3 Nf6 18. Be3 Rad8 19. a4 Nd7 20. a5 f5 21. f3 Bf6 22. Qa4 Rc8 23. axb6 axb6 24. Qa7 Bh4 25. Re2 f4 26. Bf2 Bxf2+ 27. Rxf2 Ra8 28. Qc7 Rec8 29. Qd6 Qxd6 30. Rxd6 Kf7 31. Nd5 Ra1 32. Rd2 cxd5 33. cxd5 Rcc1 34. dxe6+ Kf8 35. Rf2 Nc5 36. b4 Nb3 37. Rd3 Nd4 38. Rdd2 Ke7 39. h4 Kxe6 40. Rb2 Kd6 41. b5 Ke6 42. Rbd2 Kf6 43. Rb2 Kg7 44. Rbd2 Kh6 0-1

[Event "Livry-Gargan 2009"]
[Site "Livry-Gargan"]
[Date "2009.05.10"]
[Round "6"]
[White "Shirazi, K."]
[Black "Tregubov, P."]
[Result "1-0"]
[WhiteElo "2400"]
[BlackElo "2660"]
[Time "00:03:34/00:03:51"]

 1. e4 c5 2. b4 cxb4 3. a3 d5 4. exd5 Qxd5 5. Nf3 e5 6. c4 Qe6 7. d4 exd4+ 8. Be2 d3 9. Qxd3 Nf6 10. O-O Nc6 11. Re1 Be7 12. axb4 Nxb4 13. Qd2 O-O 14. Bf1 Qd6 15. Rxe7 Qxe7 16. Ba3 Rd8 17. Qb2 Rd1 18. Bxb4 Qd8 19. Qc2 Rd7 20. Nc3 b6 21. Nb5 Bb7 22. Ne5 Be4 23. Qc1 Rb7 24. Nd6 Re7 25. Nxe4 Rxe5 26. Nxf6+ gxf6 27. Bc3 Re6 28. Qf4 Qd6 29. Qg4+ Kf8 30. Rd1 Qa3 31. Qh3 Ke8 32. Rd3 Qc5 33. Qxh7 Ke7 34. Rd5 Qa3 35. Qh3 1-0

[Event "Livry-Gargan 2009"]
[Site "Livry-Gargan"]
[Date "2009.05.10"]
[Round "6"]
[White "Guliyev, N"]
[Black "Graca, R."]
[Result "1-0"]
[WhiteElo "2650"]
[BlackElo "2290"]
[Time "00:07:02/00:00:02"]

 1. e4 c5 2. Nf3 d6 3. d4 cxd4 4. Nxd4 Nf6 5. Nc3 Nc6 6. Bg5 Bd7 7. Qd2 Rc8 8. O-O-O Nxd4 9. Qxd4 Qa5 10. Bd2 a6 11. Kb1 e5 12. Qd3 Be6 13. Nd5 Qa4 14. b3 Qc6 15. c4 Nd7 16. Qf3 g6 17. Bg5 f5 18. Bd3 f4 19. g3 h6 20. Bf6 Nxf6 21. Nxf6+ Ke7 22. Nd5+ Bxd5 23. exd5 Qc5 24. gxf4 Bg7 25. Rhg1 g5 26. fxg5 Rcf8 27. Qg4 hxg5 28. Qe6+ Kd8 29. Rxg5 Rf6 30. Qg4 Rf4 31. Qe6 Rf6 32. Rxg7 Rxe6 33. dxe6 e4 34. Bxe4 Qe5 35. Rd7+ Kc8 36. Bxb7+ Kb8 37. Bd5 Qe2 38. Rc1 Qd3+ 39. Rc2 Qd1+ 40. Kb2 Qd4+ 41. Ka3 Qc5+ 42. b4 Qd4 43. Rb7+ Kc8 44. e7 Qd3+ 45. Kb2 Qd4+ 46. Kb3 Qd3+ 47. Rc3 Qd1+ 48. Ka3 Qd2 49. Re3 Qc1+ 50. Ka4 Re8 51. Ra7 Qc2+ 52. Ka5 Qxa2+ 53. Kb6 Qb2 54. Ra8+ Kd7 55. Bc6# 1-0

[Event "Livry-Gargan 2009"]
[Site "Livry-Gargan"]
[Date "2009.05.10"]
[Round "6"]
[White "Goldsztein, G."]
[Black "Velasco, S."]
[Result "1/2-1/2"]
[WhiteElo "2650"]
[BlackElo "2300"]
[Time "00:00:38/00:00:33"]

1. e4 c5 2. Nf3 e6 3. d4 cxd4 4. Nxd4 Nc6 5. Nc3 Qc7 6. Be2 a6 7. O-O Nf6 8. Be3 Bb4 9. Na4 Be7 10. c4 Nxe4 11. c5 O-O 12. Rc1 f5 13. Bf3 Ng5 14. Bxc6 dxc6 15. Nb6 Rb8 16. Nxc8 Qxc8 17. Bf4 Ra8 18. Qb3 Kh8 19. Rfe1 Bf6 20. Nxe6 Nxe6 21. Rxe6 Rf7 22. Rce1 Qg8 23. Bd6 Rd7 24. Qc2 Rad8 25. b4 h6 26. Qxf5 Bc3 27. R1e4 Qf7 28. Qh3 Bf6 29. Qe3 Qg6 30. h4 Kh7 31. Qd3 Kh8 32. Qe2 Qf7 33. h5 Kh7 34. Re3 Rg8 35. Rg3 Rdd8 36. Rge3 Rd7 37. Qg4 Rdd8 38. Qf5+ Kh8 39. Be7 Rd1+ 40. Kh2 Rd5 41. Qf3 Qxh5+ 42. Qxh5 Rxh5+ 43. Kg1 Bd4 44. R3e4 Rd5 45. Rd6 Bc3 46. Rc4 Be5 47. Rxd5 cxd5 48. Rc2 Re8 49. Bh4 g5 50. Bg3 ( Bh3 51. a3 Re4 52. c6 Kg7 53. Rc6 bxc6 54. Ra6 Re4 55. b5 Rg3 56. a4 d4 57. Kf1 d3 58. Ke1 h5 59. b6 h4 60. a5 g4 61. Ra7+ Kg6 62. Rd7 d2+ 63. Rxd2 h3 64. h3 h2 65. b8 h1=Q 66. Qd6 Kf7 67. Qc7 Kd7 68. Kc3 Qc1 69. Kb4 Qb2 70. Kc5 Qf2 71. Kb5 Qe2 72. Ka4 Qa2 73. Kb4 Qb2 74. Kc5 Qf2 75. Kd5 Qf5 76. Kc4 Qc2 77. Kb5 Qd3 78. Kc5 Qe3 79. Kd5 Qd3 80. Ke5 Qc3 81. Ke4 Qd4 82. Qd4 Kc6 83. Kd4 Kb7 84. Kc4 Ka7 85. Kb5 Ka8 86. a6 Kb8 87. a7 Ka8 88. Ka6 1/2-1/2

[Event "Livry-Gargan 2009"]
[Site "Livry-Gargan"]
[Date "2009.05.10"]
[Round "6"]
[White "Eusebe, A."]
[Black "David, A."]
[Result "0-1"]
[WhiteElo "2390"]
[BlackElo "2590"]
[Time "00:00:46/00:03:59"]

 1. e4 c5 2. Nf3 e6 3. b3 b6 4. d4 cxd4 5. Nxd4 Bb7 6. Nb5 Bxe4 7. N1c3 Bc6 8. Bf4 Na6 9. Bd6 Nf6 10. Qd4 Be7 11. Bxe7 Kxe7 12. Qd6+ Ke8 13. O-O-O Qe7 14. Kb2 Kf8 15. f3 Qxd6 16. Nxd6 Nc7 17. a4 Nfe8 18. Ncb5 Bxb5 19. Bxb5 Nxb5 20. axb5 Ke7 21. Nxe8 Rhxe8 22. c4 a6 23. bxa6 Rxa6 24. Ra1 Rea8 25. Rxa6 Rxa6 26. Rd1 Ra5 27. Rd2 Kd8 28. b4 Re5 29. Kb3 Re3+ 30. Ka4 Kc7 31. Kb5 Re5+ 32. c5 bxc5 33. bxc5 f5 34. Ra2 Kb7 35. Kc4 g5 36. Rb2+ Kc6 37. Rb6+ Kc7 38. Rb2 h5 39. Kd4 Rd5+ 40. Kc4 g4 0-1

[Event "Livry-Gargan 2009"]
[Site "Livry-Gargan"]
[Date "2009.05.10"]
[Round "7"]
[White "Kazhgaleyev, M."]
[Black "Vachier-Lagrave, M."]
[Result "1-0"]
[WhiteElo "2750"]
[BlackElo "2490"]
[Time "00:02:08/00:02:05"]

 1. d4 Nf6 2. c4 g6 3. Nc3 d5 4. Qb3 dxc4 5. Qxc4 Be6 6. Qa4+ c6 7. Nf3 Bg7 8. e4 O-O 9. Be2 Nbd7 10. O-O Nb6 11. Qc2 Qc7 12. h3 Rad8 13. Rd1 Nh5 14. Bf1 Bc8 15. a4 a5 16. Be3 Be6 17. Nb5 Qc8 18. Na3 Nf6 19. d5 Nbxd5 20. exd5 Nxd5 21. Bd4 Nb4 22. Qc3 Rxd4 23. Nxd4 c5 24. Nab5 cxd4 25. Qxc8 Rxc8 26. Rac1 Rxc1 27. Rxc1 d3 28. Rc7 Bf6 29. Rxb7 Bb3 30. Nc3 Kg7 31. Bxd3 Nxd3 32. Rxb3 Nxb2 33. Rxb2 Bxc3 34. Rb7 Kf6 35. Kf1 Ke6 36. Ke2 Bb4 37. Kd3 Kd5 38. Rb5+ Kc6 39. Kc4 Bd2 40. Rc5+ Kb6 41. Rd5 Be1 42. Re5 Bb4 43. Rb5+ Kc6 44. f3 h5 45. Rb8 Be1 46. Rf8 f6 47. Rc8+ Kd7 48. Ra8 Kc6 49. Ra6+ Kd7 50. Kd5 Bb4 51. Ra7+ Kd8 52. Ke6 g5 53. g4 h4 54. Rd7+ Ke8 55. Rd5 Be1 56. Rb5 Kd8 57. Rb8+ Kc7 58. Re8 Bc3 59. Kxe7 Be5 60. Ke6 Kb6 61. Rc8 Kb7 62. Rc5 1-0

[Event "Livry-Gargan 2009"]
[Site "Livry-Gargan"]
[Date "2009.05.10"]
[Round "7"]
[White "Shchekachev, A."]
[Black "Agrest, E."]
[Result "1-0"]
[WhiteElo "2770"]
[BlackElo "2540"]
[Time "00:00:00/00:00:00"]

1. c4 e5 2. Nc3 Nf6 3. Nf3 Nc6 4. d3 a6 5. a3 g6 6. g3 Bg7 7. Bg2 O-O 8. O-O d6 9. Bg5 h6 10. Bxf6 Bxf6 11. Rc1 Bg7 12. b4 Nd4 13. Nd2 c6 14. e3 Ne6 15. Nb3 Bd7 16. Ne4 Qe7 17. c5 d5 18. Nd6 b6 19. Qc2 Rab8 20. Rb1 h5 21. e4 d4 22. f4 exf4 23. gxf4 Bh6 24. f5 Nf4 25. Nxd4 bxc5 26. bxc5 Rxb1 27. Rxb1 Nxg2 28. Kxg2 Qg5+ 29. Kh1 Qe3 30. Rb7 Qxd4 31. Rxd7 Qa1+ 32. Kg2 Be3 33. Nb7 Qg1+ 34. Kf3 g5 35. e5 Bf4 36. d4 Qg4+ 37. Kf2 Bxh2 38. Qd3 Qg1+ 39. Ke2 Bg3 40. Kd2 Bf4+ 41. Kc2 h4 42. e6 Qe1 43. e7 Re8 44. f6 Qf2+ 45. Kb3 Bc7 46. Rxc7 Qxf6 47. Nd6 Rxe7 48. Rc8+ Kg7 49. Ne8+ Rxe8 50. Rxe8 Qg6 51. Qxg6+ fxg6 52. d5 h3 53. d6 h2 54. Re1 1-0

[Event "Livry-Gargan 2009"]
[Site "Livry-Gargan"]
[Date "2009.05.10"]
[Round "7"]
[White "David, A."]
[Black "Shirazi, K."]
[Result "0-1"]
[WhiteElo "2590"]
[BlackElo "2400"]
[Time "00:00:22/00:07:46"]

 1. Nf3 Nf6 2. c4 d6 3. g3 e5 4. Nc3 h6 5. Bg2 g6 6. O-O Bg7 7. d4 exd4 8. Nxd4 O-O 9. b3 Re8 10. Bb2 a5 11. Qc2 h5 12. Rad1 Na6 13. Ndb5 h4 14. e4 hxg3 15. hxg3 Bg4 16. f3 Bd7 17. f4 Bg4 18. Rd2 Qe7 19. Re1 Rad8 20. Nd5 Nxd5 21. cxd5 Nb4 22. Qb1 c6 23. Bxg7 Kxg7 24. Qb2+ f6 25. Nc3 Qc7 26. Rf1 Qb6+ 27. Rff2 Qe3 28. dxc6 bxc6 29. Ne2 Nd3 30. Rxd3 Qxd3 0-1

[Event "Livry-Gargan 2009"]
[Site "Livry-Gargan"]
[Date "2009.05.10"]
[Round "7"]
[White "Edouard, R."]
[Black "Moussard, J."]
[Result "1/2-1/2"]
[WhiteElo "2560"]
[BlackElo "2440"]
[Time "00:00:00/00:00:11"]

1. d4 g6 2. e4 Bg7 3. Nf3 d6 4. c3 Nd7 5. Bd3 c6 6. O-O Qc7 7. Re1 e5 8. b3 Ngf6 9. Ba3 c5 10. dxe5 Nxe5 11. Nxe5 dxe5 12. Bb5+ Bd7 13. Bxd7+ Nxd7 14. c4 O-O 15. Nc3 Nf6 16. Qc2 Qa5 17. Bb2 Rad8 18. Nd5 Nxd5 19. cxd5 b6 20. Rad1 Qb5 21. Bc3 Qd7 22. Qb2 Qd6 23. f4 Rfe8 24. Rf1 b5 25. f5 b4 26. Bd2 a5 27. Qc2 Qa6 28. Qxc5 Rc8 29. Qf2 Rc2 30. Rc1 Rec8 31. fxg6 Qxg6 32. Qe3 Bf8 33. Qd3 R8c3 34. Qxc2 Rxc2 35. Rxc2 Qxe4 36. Rc4 Bc5+ 37. Kh1 Qxd5 38. Rg4+ Kf8 39. Bh6+ Ke7 40. Rg7 e4 41. Rg5 Qd3 42. Re5+ Kd6 43. Ref5 e3 44. Bf8+ Ke6 45. Rf6+ Kd5 46. Bxc5 e2 47. Re1 Qc3 48. Rxe2 Qxf6 49. Bg1 Qf4 50. Rf2 Qc1 51. Rf5+ Ke4 52. Rxa5 Kd3 53. Rc5 Qb2 54. Rd5+ Ke2 55. Rf5 Qxa2 56. Rf2+ Kd1 {...} 1/2-1/2

[Event "Livry-Gargan 2009"]
[Site "Livry-Gargan"]
[Date "2009.05.10"]
[Round "7"]
[White "Fedorchuk, S."]
[Black "Aurel, L."]
[Result "1-0"]
[WhiteElo "2550"]
[BlackElo "2260"]
[Time "00:08:35/00:03:57"]

1. e4 d6 2. d4 g6 3. Nc3 Bg7 4. Be3 a6 5. a4 b6 6. Nf3 e6 7. Bd3 Nd7 8. Qd2 h6 9. Ne2 Ne7 10. h3 Bb7 11. Ng3 c5 12. c3 cxd4 13. cxd4 Nf6 14. O-O d5 15. e5 Ne4 16. Qc2 Nxg3 17. fxg3 Nf5 18. Bf2 h5 19. Qe2 Bf8 20. Rac1 Bb4 21. Rc2 a5 22. Rfc1 Rc8 23. Bb5+ Kf8 24. g4 hxg4 25. hxg4 Nh6 26. Bh4 Be7 27. Bxe7+ Kxe7 28. Qe3 Kf8 29. Qf4 Kg7 30. Qf6+ Qxf6 31. exf6+ Kh7 32. Ng5+ 1-0

[Event "Livry-Gargan 2009"]
[Site "Livry-Gargan"]
[Date "2009.05.10"]
[Round "7"]
[White "Vaisser, A."]
[Black "Dgebuadze, A."]
[Result "1-0"]
[WhiteElo "2650"]
[BlackElo "2400"]
[Time "00:03:51/00:00:00"]

 1. d4 Nf6 2. c4 e6 3. Nc3 Bb4 4. e3 O-O 5. Bd3 b6 6. e4 d5 7. cxd5 exd5 8. e5 Ne4 9. Ne2 Bg4 10. O-O Bxc3 11. f3 Bb4 12. fxe4 Nc6 13. Be3 dxe4 14. Bxe4 Nxd4 15. Qxd4 Bc5 16. Bxh7+ Kxh7 17. Qe4+ g6 18. Bxc5 Bxe2 19. e6 bxc5 20. e7 Qd4+ 21. Qxd4 cxd4 22. exf8=Q Rxf8 23. Rf4 d3 24. Kf2 g5 25. Rd4 c5 26. Rd5 c4 27. Rc1 Rb8 28. b3 cxb3 29. axb3 Rxb3 30. Rc7 Rb2 31. Ke3 Kg6 32. Rc6+ f6 33. Rdd6 Bf1 34. Rxf6+ Kg7 35. Rxf1 1-0

[Event "Livry-Gargan 2009"]
[Site "Livry-Gargan"]
[Date "2009.05.10"]
[Round "8"]
[White "Shchekachev, A."]
[Black "Fedorchuk, S."]
[Result "1-0"]
[WhiteElo "2770"]
[BlackElo "2550"]
[Time "00:07:59/00:00:00"]

 1. Nf3 Nf6 2. c4 e6 3. Nc3 Bb4 4. g3 O-O 5. Bg2 d6 6. O-O e5 7. d3 Bxc3 8. bxc3 h6 9. e4 Nbd7 10. Ne1 Nc5 11. Nc2 Bg4 12. f3 Bd7 13. Ne3 a6 14. d4 Na4 15. Qd3 b5 16. c5 exd4 17. cxd4 dxc5 18. d5 Re8 19. f4 c6 20. d6 c4 21. Qc2 Qb6 22. e5 Ng4 23. Re1 Nxe5 24. fxe5 Rxe5 25. Qf2 Rae8 26. Rf1 Rxe3 27. Qxf7+ Kh8 28. Bxe3 Qxe3+ 29. Kh1 Nb6 30. a4 bxa4 31. Rab1 c3 32. Rxb6 c2 33. Qxd7 c1=Q 34. Qxe8+ Qxe8 35. Rxc1 a3 36. Rbxc6 1-0

[Event "Livry-Gargan 2009"]
[Site "Livry-Gargan"]
[Date "2009.05.10"]
[Round "8"]
[White "Shirazi, K."]
[Black "Kazhgaleyev, M."]
[Result "0-1"]
[WhiteElo "2400"]
[BlackElo "2750"]
[Time "00:00:00/00:00:00"]

 1. Nf3 Nf6 2. g3 g6 3. d3 d5 4. Bg2 Bg7 5. c4 O-O 6. cxd5 Nxd5 7. O-O Nc6 8. Qb3 a5 9. Nc3 Nb6 10. Na4 Be6 11. Qd1 Nxa4 12. Qxa4 Bd5 13. Re1 Rb8 14. Qh4 Nb4 15. Rd1 e5 16. Ng5 h6 17. e4 hxg5 18. Bxg5 f6 19. exd5 fxg5 20. Qc4 Qd6 21. a3 Na6 22. Rac1 Rf7 23. Bh3 Rf6 24. Be6+ Kf8 25. Qb5 Qb6 26. Qxb6 cxb6 27. Rc3 Nc5 28. Bg4 a4 29. Rc4 Rd8 30. d4 exd4 31. Rcxd4 Rfd6 32. Rb4 Rxd5 33. Rxd5 Rxd5 34. Rxb6 Rd2 35. Rxg6 Bd4 36. Rxg5 Rxf2 37. Kh1 Rxb2 38. Rd5 Rd2 39. h4 Ne4 0-1

[Event "Livry-Gargan 2009"]
[Site "Livry-Gargan"]
[Date "2009.05.10"]
[Round "8"]
[White "Guliyev, N"]
[Black "Vachier-Lagrave, M."]
[Result "1/2-1/2"]
[WhiteElo "2650"]
[BlackElo "2490"]
[Time "00:05:56/00:05:01"]

 1. e4 c5 2. Nf3 d6 3. d4 cxd4 4. Nxd4 Nf6 5. Nc3 a6 6. Be3 e6 7. a4 b6 8. f4 Bb7 9. Bd3 Nbd7 10. Qf3 Nc5 11. O-O Be7 12. b4 Nxd3 13. cxd3 Rc8 14. Rfc1 O-O 15. h3 Nd7 16. Rab1 Re8 17. Qf2 Bf8 18. Nf3 e5 19. f5 d5 20. exd5 Nf6 21. Bxb6 Qd7 22. Bc5 Qxf5 23. d4 exd4 24. Nxd4 Qxf2+ 25. Kxf2 Red8 26. Bxf8 Kxf8 27. Kg1 Rc4 28. Nc6 Bxc6 29. dxc6 Rxc6 30. b5 axb5 31. axb5 Rc4 32. Ne2 Re4 33. Rc2 Rb8 34. b6 Rb7 35. Rc8+ Re8 36. Rxe8+ Kxe8 37. Nc3 Kd7 38. Na4 Kc6 39. Rc1+ Kb5 40. Rc7 Rb8 41. Nc3+ Kxb6 42. Rxf7 Rb7 1/2-1/2

[Event "Livry-Gargan 2009"]
[Site "Livry-Gargan"]
[Date "2009.05.10"]
[Round "8"]
[White "Lazarev, V."]
[Black "Vaisser, A."]
[Result "1/2-1/2"]
[WhiteElo "2510"]
[BlackElo "2650"]
[Time "00:00:00/00:00:04"]

1. d4 e6 2. c4 f5 3. g3 Nf6 4. Bg2 c6 5. Qc2 d5 6. Nh3 Be7 7. O-O O-O 8. Nd2 b5 9. cxb5 cxb5 10. Nb3 Qb6 11. Nf4 Nc6 12. Be3 Bd7 13. Rac1 Rac8 14. Nc5 Bxc5 15. Qxc5 Qxc5 16. Rxc5 Na5 17. b3 Rxc5 18. dxc5 Nc6 19. Rc1 Kf7 20. Nd3 e5 21. Bd2 Ne4 22. Be1 Rc8 23. f4 Ke6 24. e3 g5 25. Bxe4 dxe4 26. Nxe5 Nxe5 27. fxe5 Bc6 28. Rd1 Bd5 29. b4 Kxe5 30. a3 Rf8 31. Bd2 Ke6 32. Kf2 Bb3 33. Rb1 Rd8 34. Ke1 Bc4 35. Rc1 Kd5 36. Bc3 Rc8 37. Bf6 h6 38. Bg7 Rc6 39. Kd2 Rg6 40. Bh8 f4 41. exf4 gxf4 42. gxf4 Rg2+ 43. Kc3 e3 44. Re1 Ke4 45. Bd4 e2 46. c6 Rg6 47. c7 Rc6 48. Bxa7 Rxc7 49. Bc5 Rd7 50. f5 Rd3+ 51. Kb2 Kf3 52. Be7 Rb3+ 53. Kc2 Rxa3 54. Bh4 Kg4 55. Bf2 Kxf5 56. Rg1 Rf3 57. Rg2 Ke6 58. Be1 Kf5 59. Rf2 Ke4 60. Rxf3 Kxf3 61. h4 h5 62. Kd2 Be6 63. Kd3 Bg4 64. Kd2 Kg2 65. Bg3 Kf1 66. Be1 1/2-1/2

[Event "Livry-Gargan 2009"]
[Site "Livry-Gargan"]
[Date "2009.05.10"]
[Round "8"]
[White "Goldsztein, G."]
[Black "Brunner, N."]
[Result "0-1"]
[WhiteElo "2650"]
[BlackElo "2400"]
[Time "00:01:51/00:02:28"]

 1. e4 c5 2. Nf3 d6 3. d4 cxd4 4. Nxd4 Nf6 5. Nc3 a6 6. Bg5 e6 7. f4 Qb6 8. Qd2 Qxb2 9. Rb1 Qa3 10. e5 dxe5 11. fxe5 Nfd7 12. Be2 Bc5 13. Ne4 Qxa2 14. O-O Qd5 15. Nxc5 Qxc5 16. Bh5 Nxe5 17. Be3 Qc7 18. Bf4 O-O 19. Rbe1 Nc4 20. Qf2 Qc5 21. Be2 Nc6 22. Nxc6 Qxc6 23. Bxc4 Qxc4 24. Bd6 Bd7 25. Re3 Qd4 26. Qg3 f6 27. Bxf8 Rxf8 28. Kh1 e5 29. h3 Bc6 30. Rd3 Qc4 31. Rf2 a5 32. Rd6 Kh8 33. Rfd2 Qg8 34. Qa3 a4 35. Qc5 h6 36. Qb6 Kh7 37. Qb4 Ra8 38. R2d3 Qa2 39. Qg4 Qf7 40. Rd8 Rxd8 41. Rxd8 f5 42. Qb4 f4 43. Rf8 Qd5 44. Rh8+ Kg6 0-1

[Event "Livry-Gargan 2009"]
[Site "Livry-Gargan"]
[Date "2009.05.10"]
[Round "8"]
[White "Fressinet, L."]
[Black "Okhotnik, V."]
[Result "1-0"]
[WhiteElo "2580"]
[BlackElo "2530"]
[Time "00:03:20/00:03:28"]

 1. e4 c5 2. Nc3 e6 3. Nf3 Nf6 4. g3 d5 5. exd5 Nxd5 6. Bg2 Nxc3 7. bxc3 Nc6 8. O-O Be7 9. d4 O-O 10. Be3 Qa5 11. Qd3 Rd8 12. Rfd1 h6 13. a4 b6 14. Nd2 cxd4 15. Nb3 dxe3 16. Qxd8+ Nxd8 17. Nxa5 exf2+ 18. Kxf2 Rb8 19. Rxd8+ Bxd8 20. Nc6 Rb7 21. Nxd8 Rd7 22. Nc6 Rd2+ 23. Kg1 Rxg2+ 24. Kxg2 Bb7 25. a5 Bxc6+ 26. Kf2 b5 27. Rd1 Bd5 28. Ke3 Kf8 29. Kd4 Ke7 30. Kc5 Kd7 31. Kxb5 Kc7 32. c4 Bb7 33. Kc5 e5 34. Rf1 f6 35. Rd1 Bf3 36. Rd6 e4 37. Ra6 e3 38. Rxa7+ Kd8 39. Kd6 Be4 40. Re7 f5 41. a6 e2 42. Rxe4 1-0